Statistics for Kolkata City Trivia

Click here to take the quiz!

General Stats

  • This quiz has been taken 11 times
  • The average score is 8 of 20

Answer Stats

QuestionAnswer% Correct
By what other is Kolkata also known?Calcutta
100%
What Catholic nun gained international renown for her charity work in Kolkata?Mother Teresa
100%
To what city was the capital of India moved from Kolkata in 1911?Delhi
100%
Kolkata is located on the Hooghly River. What river is it a distributary of?Ganges
89%
Of what type of white rock is the above made?Marble
78%
Kolkata is the capital of what Indian state?West Bengal
67%
What country's 2nd-oldest consulate is located in Kolkata (established in 1792)?United States
67%
What is the closest world capital to Kolkata?Dhaka
56%
What is the oldest cricket stadium in India?{Eden} Gardens
33%
What building was dedicated to the Empress of India when completed in 1921?Victoria Memorial
33%
What author of "Vanity Fair" was born in Kolkata in 1811?William Makepeace
Thackeray
33%
What Bengali ruler captured the city from the British in 1756?{Siraj} ud-Daulah
22%
What was established in Kolkata's suburb of Serampore in 1818,
now is India's oldest one?
University
22%
What other major city is located on the other western bank of the Hooghly River?Howrah
11%
What is the name of the Bengali cinema, that is based in Kolkata?{Tolly}wood
11%
What fort was considered the headquarters of the British East India Company?Fort {William}
0%
The foundation of what party was declared by Kanu Sanyal in 1969 in Kolkata?Communist Party of India
0%
What is the most famous nickname of Kolkata?{Cultural} Capital of India
0%
What other name is the Tiretta Bazaar neighborhood usually known as?Old {China} Market
0%
What is the three-letter airport code of Kolkata?CCU
0%

Score Distribution

Percentile by Number Answered

Percent of People with Each Score

Your Score History

You have not taken this quiz